<?xml version="1.0" encoding="UTF-8"?>
<collection xmlns="http://www.loc.gov/MARC21/slim">
 <record>
  <leader>01077nam a22002057a 4500</leader>
  <controlfield tag="001">NCT_4_028647</controlfield>
  <controlfield tag="008">251103b        xxu||||| |||| 00| 0 vie d</controlfield>
  <datafield tag="999" ind1=" " ind2=" ">
   <subfield code="c">9433</subfield>
   <subfield code="d">9433</subfield>
  </datafield>
  <datafield tag="020" ind1=" " ind2=" ">
   <subfield code="a">9789812560216</subfield>
   <subfield code="c">£145.00</subfield>
  </datafield>
  <datafield tag="082" ind1="0" ind2="4">
   <subfield code="2">23rd ed.</subfield>
   <subfield code="a">530.15</subfield>
   <subfield code="b">W873H</subfield>
  </datafield>
  <datafield tag="245" ind1="0" ind2="0">
   <subfield code="a">Woods hole mathematics :</subfield>
   <subfield code="b">Perspectives in mathematics and physics</subfield>
   <subfield code="c">Nils Tongring, R. C Penner (editor)</subfield>
  </datafield>
  <datafield tag="260" ind1=" " ind2=" ">
   <subfield code="a">Singapore </subfield>
   <subfield code="b">World Scientific Publishing Company</subfield>
   <subfield code="c">2004</subfield>
  </datafield>
  <datafield tag="300" ind1=" " ind2=" ">
   <subfield code="a">344 p.</subfield>
   <subfield code="c">24 cm</subfield>
  </datafield>
  <datafield tag="520" ind1="3" ind2=" ">
   <subfield code="a">This volume presents selected research in the crossroads of contemporary geometry and mathematical physics, including topics such as moduli spaces, operads, arc complexes, contact manifolds, and applications to macromolecular folding and Brownian motion in Hilbert space.  </subfield>
  </datafield>
  <datafield tag="653" ind1=" " ind2=" ">
   <subfield code="a">Toán học</subfield>
  </datafield>
  <datafield tag="700" ind1="1" ind2=" ">
   <subfield code="a">Tongring, Nils </subfield>
   <subfield code="e">Editor</subfield>
  </datafield>
  <datafield tag="700" ind1="1" ind2=" ">
   <subfield code="a">Penner, R. C</subfield>
   <subfield code="e">Editor</subfield>
  </datafield>
  <datafield tag="942" ind1=" " ind2=" ">
   <subfield code="2">ddc</subfield>
   <subfield code="c">BK</subfield>
  </datafield>
  <datafield tag="952" ind1=" " ind2=" ">
   <subfield code="0">0</subfield>
   <subfield code="1">0</subfield>
   <subfield code="2">ddc</subfield>
   <subfield code="4">0</subfield>
   <subfield code="6">530_150000000000000_W873H</subfield>
   <subfield code="7">0</subfield>
   <subfield code="9">31569</subfield>
   <subfield code="a">000001</subfield>
   <subfield code="b">000001</subfield>
   <subfield code="d">2025-11-03</subfield>
   <subfield code="o">530.15 W873H</subfield>
   <subfield code="p">MD.24505</subfield>
   <subfield code="r">2025-11-03</subfield>
   <subfield code="v">0.00</subfield>
   <subfield code="w">2025-11-03</subfield>
   <subfield code="y">BK</subfield>
  </datafield>
  <datafield tag="980" ind1=" " ind2=" ">
   <subfield code="a">Thư viện Trường Đại học Nam Cần Thơ</subfield>
  </datafield>
 </record>
</collection>
